Welcome to CU Library Online Public Access Catalogue (OPAC)

Surviving your first year of teaching : (Record no. 2126)

MARC details
000 -LEADER
fixed length control field 00820cam a2200217 a 4500
001 - CONTROL NUMBER
control field 12311524
005 - DATE AND TIME OF LATEST TRANSACTION
control field 20241212162319.0
008 - FIXED-LENGTH DATA ELEMENTS--GENERAL INFORMATION
fixed length control field 010215s2001 nju bf 001 0 eng
020 ## - INTERNATIONAL STANDARD BOOK NUMBER
International Standard Book Number 0130325732 (pbk.)
050 00 - LIBRARY OF CONGRESS CALL NUMBER
Classification number LB2844.1.N4
Item number K45 2001
100 1# - MAIN ENTRY--PERSONAL NAME
Personal name Kellough, Richard D.
Fuller form of name (Richard Dean)
245 10 - TITLE STATEMENT
Title Surviving your first year of teaching :
Remainder of title guidelines for success /
Statement of responsibility, etc. Richard D. Kellough.
250 ## - EDITION STATEMENT
Edition statement 2nd ed.
260 ## - PUBLICATION, DISTRIBUTION, ETC.
Place of publication, distribution, etc. Upper Saddle River, N.J. :
Name of publisher, distributor, etc. Merrill/Prentice Hall,
Date of publication, distribution, etc. c2001.
300 ## - PHYSICAL DESCRIPTION
Extent vii, 88 p. ;
Dimensions 23 cm.
440 #0 - SERIES STATEMENT/ADDED ENTRY--TITLE
Title Student enrichment series
650 #0 - SUBJECT ADDED ENTRY--TOPICAL TERM
Topical term or geographic name entry element First year teachers
Geographic subdivision United States
Form subdivision Handbooks, manuals, etc.
650 #0 - SUBJECT ADDED ENTRY--TOPICAL TERM
Topical term or geographic name entry element Teacher orientation
Geographic subdivision United States
Form subdivision Handbooks, manuals, etc.
650 #0 - SUBJECT ADDED ENTRY--TOPICAL TERM
Topical term or geographic name entry element Effective teaching
Geographic subdivision United States
Form subdivision Handbooks, manuals, etc.
942 ## - ADDED ENTRY ELEMENTS (KOHA)
Source of classification or shelving scheme Library of Congress Classification
Koha item type Books
Suppress in OPAC No
999 ## -
-- 2126
-- 2126
Holdings
Withdrawn status Lost status Source of classification or shelving scheme Damaged status Not for loan Collection Home library Current library Shelving location Date acquired Total checkouts Full call number Barcode Date last seen Copy number Price effective from Koha item type
    Library of Congress Classification     Non-fiction Undergraduate Library (Christ Temple) Undergraduate Library (Christ Temple) General stacks 12/12/2024   LB2844.1.N4 KEL ulct00000610 12/12/2024 1 12/12/2024 Books
© 2023-2024 Copyright: Central University Libraries. All Rights Reserved | Created by: Mahone Tech Office